| 000 | 00745nam a22001695i 4500 | ||
|---|---|---|---|
| 001 | 52971 | ||
| 003 | ES-MaACL | ||
| 007 | t| | ||
| 008 | 950906s1895 be ||||1| fre d | ||
| 040 |
_aCAM _bspa _cCAM |
||
| 100 | 1 |
_aDonadiu y Puignau, Delfín. _945273 |
|
| 245 | 1 | 2 |
_aL'origine des nains de la vallée de Ribas (Catalogne) _b: compte rendu du troisiéme Congrès Scientifique International des Catholiques tenu a Bruxelles du 5 au 8 septembre 1894 / _cpar Delphin Donadiu y Puignau. |
| 260 |
_aBruxelles : _b[s.n.], _c1895 ( _fPolleunis et Ceuterick imprimeurs) |
||
| 300 |
_a10 p., [1] h. de lám. ; _c25 cm. |
||
| 711 | 2 |
_aCongrès Scientifique International des Catholiques ( _n3e. _d1894. _cBruxelles) _9278 |
|
| 852 |
_aES-MaACL _jT-832-F-4 |
||
| 999 |
_c52971 _d52971 |
||